[Event "Klubbmesterskapet 2022 (A)"]
[Site "Ås, Viken NOR"]
[Date "2022.10.13"]
[Round "4"]
[White "Johansen, Anders Sten"]
[Black "Kielland-Lund, Jon"]
[Result "1/2-1/2"]
[WhiteElo "1726"]
[BlackElo "1715"]
[Annotator "Tactical Analysis 4.3 (5s)"]
[PlyCount "63"]
[EventDate "2022.09.08"]

1. e4 c6 2. d4 d5 3. exd5 cxd5 4. Bd3 Qc7 5. c3 Nc6 6. Be3 {[%eval 0,36] [%wdl
24,953,23]} (6. h3 $14 {[%eval 52,32] [%wdl 108,886,6]}) 6... Nf6 $11 7. Nd2
Bg4 {[%emt 0:00:01]} 8. Ngf3 e6 {[%emt 0:00:03]} 9. Qa4 Bd6 10. O-O O-O 11. h3
{[%eval -74,32] [%wdl 2,835,163]} (11. Qc2 $11 {[%eval -10,24] [%wdl 14,960,26]
keeps the balance.}) 11... Bh5 {[%eval 0,31] [%wdl 19,963,18]} (11... Bf5 $17 {
[%eval -74,32] [%wdl 2,835,163]} 12. Bxf5 exf5) 12. Rac1 a6 13. Rfe1 b5 14. Qc2
Rfc8 15. Bg5 Bg6 16. Bxg6 hxg6 17. Bxf6 {[%eval -121,31] [%wdl 0,561,439]} (17.
Qd3 $11 {[%eval -13,28] [%wdl 9,969,22] remains equal.}) 17... gxf6 $17 18. Qd3
Kg7 19. Nf1 Na5 {[%eval -92,28] [%wdl 1,776,223]} (19... Bf4 $142 {[%eval -153,
22] [%wdl 0,305,695]} 20. Ne3 Rh8) 20. Qb1 {[%eval -149,29] [%wdl 0,338,662]} (
20. h4 $142 {[%eval -92,28] [%wdl 1,776,223]}) 20... Bf4 21. Ne3 {[%eval -233,
27] [%wdl 0,29,971]} (21. Rc2 $17 {[%eval -118,30] [%wdl 0,596,404]}) 21... Nc4
$19 {[%emt 0:00:02]} 22. b3 Nb6 {[%eval -99,29] [%wdl 0,743,257] [#]} (22...
Bxe3 $19 {[%eval -285,28] [%wdl 0,5,995]} 23. fxe3 Nd6) 23. Qd3 Qd6 {[%emt 0:
00:04]} 24. Rc2 Bxe3 25. fxe3 {[%eval -138,35] [%wdl 0,440,560]} (25. Qxe3 $142
{[%eval -87,34] [%wdl 1,821,178]} Rc7 26. g3) 25... Qg3 $17 {Strongly
threatening ...Rh8.} 26. e4 {[%eval -193,37] [%wdl 0,105,895]} (26. Qe2 $17 {
[%eval -125,34] [%wdl 0,557,443] might work better.}) 26... Rh8 $19 27. Kf1 Rh4
{[%eval -63,35] [%wdl 1,916,83]} 28. e5 $1 $15 f5 {[%eval -28,39] [%wdl 4,970,
26]} (28... Nd7 $17 {[%eval -80,36] [%wdl 1,860,139]}) 29. Qd2 {[%eval -145,34]
[%emt 0:00:03] [%wdl 0,395,605] [#] Kf2} (29. Qe3 $11 {[%eval -28,39] [%wdl 4,
970,26]}) () 29... Re4 {[%eval -14,39] [%wdl 6,978,16]} ({Black should play} 
29... Rxh3 $1 $17 {[%eval -145,34] [%wdl 0,395,605][%mdl 512]} 30. gxh3 Qxf3+
31. Qf2 Qxh3+ 32. Qg2 Qh4) 30. Qf2 Qxf2+ 31. Kxf2 Rxe1 32. Kxe1 {Weighted
Error Value: White=0.39/Black=0.31} 1/2-1/2

[Event "Klubbmesterskapet 2022 (A)"]
[Site "Ås, Viken NOR"]
[Date "2022.10.13"]
[Round "4"]
[White "Thowsen, Alf Geir"]
[Black "Larsen, Jo Ingebrigt"]
[Result "1/2-1/2"]
[WhiteElo "1372"]
[BlackElo "1601"]
[PlyCount "95"]
[EventDate "2022.09.08"]

1. d4 d6 2. c4 Nd7 3. Nc3 h6 4. e4 e5 5. d5 Ngf6 6. Qc2 Be7 7. Nf3 c6 8. Be3
Qc7 9. Be2 Nf8 10. h3 Bd7 11. Nh4 Nxd5 12. Nf5 Bxf5 13. exf5 Nxe3 14. fxe3 Bh4+
15. Kd2 O-O-O 16. Rad1 d5 17. cxd5 cxd5 18. Nb5 Qxc2+ 19. Kxc2 a6 20. Nc3 d4
21. Ne4 Kc7 22. Rd3 dxe3 23. Rxe3 Be7 24. Rc3+ Kb8 25. Bf3 Nd7 26. Rc1 Rc8 27.
Kb1 Rxc3 28. Rxc3 Rc8 29. Rb3 Rc7 30. Nc3 Nc5 31. Rb6 Ka7 32. Rb4 Nd3 33. Ra4
Kb8 34. Be4 Nc5 35. Rc4 b5 36. Rb4 Na4 37. Rb3 Nxc3+ 38. Rxc3 Rxc3 39. bxc3 Kc7
40. Kc2 Kb6 41. g4 Bg5 42. Kd3 Kc5 43. Bb7 a5 44. Be4 b4 45. cxb4+ axb4 46. Bf3
Bc1 47. Bd1 Bb2 48. Bb3 1/2-1/2

[Event "Klubbmesterskapet 2022 (A)"]
[Site "Ås, Viken NOR"]
[Date "2022.10.20"]
[Round "5"]
[White "Larsen, Jo Ingebrigt"]
[Black "Brenden, Torbjørn"]
[Result "1/2-1/2"]
[WhiteElo "1601"]
[BlackElo "1593"]
[Annotator "Brenden, Torbjørn"]
[PlyCount "106"]
[EventDate "2022.09.08"]

{Kommentar: T.Brenden og Stockfish 15.} 1. e4 $2 {Kom som en overraskelse.
Larsen spiller som regel London-systemet med d4.} e6 {Fransk forsvar. Unngår
Siciliansk som jeg vet hvit har spilt mye tidligere.} 2. d4 d5 3. exd5 exd5 4.
Bd3 Bd6 {Symmetrisk stilling og jevnt spill.} 5. h3 {Begrenser bevegelsen til
svart løper og forbereder bondestorm og lang rokade.} Qe7+ {Svart er fornøyd
med remis.} 6. Ne2 Nf6 7. Be3 {Hvit ønsker at Svart tar kort rokade.} h6 8. Nd2
{Det begynner å bli trangt foran Kongen. Avventer fortsatt kort rokade.} c6 9.
c3 a5 {Svart ønsker å angripe dronningfløyen.} 10. O-O Ne4 {? Dette trekker
svekker svarts stilling. Hvit har bedre utvikling. Stockfisk +0.84.} 11. Bf4 {
Hvit vil fjerne svart sin sterke løper.} f5 {Fornøyd med dette trekket. Gir
offensive muligheter.} 12. Re1 O-O 13. f3 Bxf4 14. Nxf4 Qh4 {[%csl Rf2,Rf4]
[%cal Rh4f2,Rf2d2,Re4d2,Rh4f4] Hvit står best, men svart har angrepsmuligheter.
} 15. Nxe4 Qxf4 16. Nc5 {[%csl Rb7,Re6][%cal Rc5e6,Rc5b7]} Qd6 17. Qb3 {[%csl
Rb7][%cal Gb3b7,Gc5b7]} b5 18. Qc2 a4 {Stanser a4} 19. b4 Na6 {Blir kvitt
springeren} 20. Re5 Nxc5 21. bxc5 Qf6 22. f4 {Bra trekk. Låser f5 bonden.} Ra7
23. Rae1 Raf7 {[%cal Rc8e6] Hvit står litt bedre, men det er vanskelig å se
hvordan han skal kunne bryte gjennom.} 24. Qd2 (24. R1e3 {[%cal Ge3g3] Å
flytte Tårnet til G-linja ville gi nye angrepsmuligheter for hvit.}) 24... Qd8
25. Bc2 Qf6 26. Qd3 Qh4 {Svart avventer situasjonen.} 27. g4 $4 {[%csl Gh7]
[%cal Rf5g4,Gd3h7] Ser sterkt ut, men nå er det svart som får initiativet.} h5
$1 {Bra. -0.65, men bedre var ...} (27... g5 28. Re8 gxf4 29. Rxf8+ Kxf8 {
Stockfish - 5.5}) 28. Bd1 $2 {Stockfish -4.77. Best var gxh5.} hxg4 29. hxg4
fxg4 30. Re8 Rxf4 $2 ({Her vinner ...} 30... Bf5 31. Qd2 Be4 32. R1xe4 {[%eval
-1364,0] Stockfish} (32. Rxf8+ Kxf8 {[%eval -1166,0] Stockfish} 33. Qh2) 32...
dxe4) 31. Rxf8+ Rxf8 32. Re2 Rf3 33. Re8+ Rf8 $4 {Svart mister hele fordelen.
Her begynner begge spillerne å få dårlig tid og det blir mye rot i
sluttspillet.} (33... Kf7 34. Bxf3 Qg3+ 35. Bg2 (35. Kh1 Qh3+ 36. Kg1 gxf3 37.
Kf2 Qg2+ 38. Ke3 f2 39. Rxc8 f1=Q 40. Rc7+ Ke8 41. Qxf1 Qxf1 42. Rxg7)) 34.
Rxf8+ Kxf8 35. Qf1+ Ke7 36. Qe2+ Be6 37. Qe5 Kf7 38. Bc2 g3 39. Qc7+ Qe7 40.
Qxg3 g5 41. Qf3+ Ke8 42. Bg6+ Kd7 43. Kf2 Kc8 44. Kg3 Bd7 45. Bf5 Bxf5 46.
Qxf5+ Kb7 47. Kf3 Ka7 48. Qe5 Qf7+ 49. Kg4 Kb7 50. Kxg5 Qh7 51. Qf5 Qg7+ 52.
Qg6 Qe7+ 53. Qf6 Qh7 {Og her ble spillerne enige om remis.} 1/2-1/2

[Event "Klubbmesterskapet 2022 (A)"]
[Site "Ås, Viken NOR"]
[Date "2022.10.20"]
[Round "5"]
[White "Kielland-Lund, Jon"]
[Black "Thowsen, Alf Geir"]
[Result "1-0"]
[WhiteElo "1715"]
[BlackElo "1372"]
[PlyCount "57"]
[EventDate "2022.09.08"]

1. c4 Nf6 2. Nc3 g6 3. d4 c5 4. d5 Bg7 5. e4 d6 6. Be2 O-O 7. f4 e6 8. Nf3 exd5
9. cxd5 Nbd7 10. O-O Re8 11. Bd3 b6 12. Re1 Bb7 13. Nb5 Qb8 14. a4 a6 15. Nc3
Qc7 16. Bc4 Re7 17. Re2 Rae8 18. e5 Nh5 19. g4 Nf8 20. gxh5 Qd7 21. Rg2 dxe5
22. fxe5 Bxe5 23. Nxe5 Rxe5 24. Bg5 Qf5 25. Qf1 Qd7 26. Rd1 Rf5 27. Qd3 f6 28.
Bh4 Qd8 29. Qxf5 1-0

[Event "Klubbmesterskapet 2022 (A)"]
[Site "Ås, Viken NOR"]
[Date "2022.10.20"]
[Round "5"]
[White "Lea, Per"]
[Black "Furnes, Torstein"]
[Result "1/2-1/2"]
[WhiteElo "1698"]
[BlackElo "1747"]
[Annotator "Lea,Per"]
[PlyCount "82"]
[EventDate "2022.09.08"]

1. c4 e5 2. g3 Nf6 3. Bg2 Nc6 4. Nc3 Bc5 5. e3 O-O 6. Nge2 Re8 7. O-O d6 8. d4
exd4 9. exd4 Bb6 10. Be3 ({Stockfish anbefaler} 10. Bg5 {noe jeg aldri
vurderte på grunn av} h6 {og løperen må gå tilbake. Men etter} 11. Bxf6 Qxf6
12. Nd5 Qd8 13. Nxb6 {må svart gi fra seg løperparet}) 10... a6 11. h3 ({
Stockfish foreslår disse alternativene} 11. Bg5) (11. b3) (11. Nf4) 11... Bf5 {
Jeg likte ikke det trekket, fordi jeg så for meg at det kunne komme en
springer (eventuelt en løper) til d3 som kunne lage kvalm} 12. a3 ({Men
Stockfish mener hvit bare skal fleske til med} 12. g4 Be4 13. Nxe4 Nxe4 14. Qd3
) 12... h6 13. c5 ({Fremdeles skal det beste være} 13. g4 {og det samme
gjelder i både trekk 14 og 15.}) 13... Ba7 14. b4 Qd7 15. Kh2 Rad8 $2 (15...
Ne7 {er det beste, selv om hvit fremdeles står litt bedre. Svarts løper på a7
kan bli et problem, men hvits løper på e3 er heller ikke så veldig aktiv.}) 16.
d5 Ne5 17. c6 Qc8 ({Stockfish påstår dette er et bedre valg for svart:} 17...
bxc6 18. Bxa7 cxd5 19. Bd4 (19. Nxd5 Nxd5 20. Qxd5 c6 21. Qd4 c5 22. bxc5 Qxa7
23. c6 {er fremdeles fordelaktig for hvit, men ikke så klart som etter
løperretretten til d4 (eller e3)})) 18. Bxa7 b6 19. Qd4 {Sikrer en ledelse på
2 bønder, men større posisjonelle fordeler kan oppnås etter} (19. a4 Qa8 20.
Bxb6 cxb6 21. b5 a5 22. Qd4 Qa7 23. g4 Bh7) (19. Nd4 Bh7 20. b5) (19. b5 Bd3
20. Nd4 Bxf1 21. Qxf1 axb5 22. Ncxb5 Qa6 23. Nxc7 Qxa7 24. Ndb5 Qa5 25. Nxe8
Rxe8 26. Rc1 {men ingen av disse 3 variantene ble noen gang vurdert. Spesielt
det å ofre tårnet på f1 ville jeg aldri ha kommet på.}) 19... Qa8 (19... Bxh3
20. Bxh3 Nf3+ 21. Kg2 Nxd4 22. Bxc8 Nxe2 23. Nxe2 Rxc8 24. Nc3 Ra8 25. Bxb6
cxb6 26. Rfd1 {gir litt større sjanser for svart, men hvit står fremdeles best.
Heller ikke denne varianten er noe vi vanlige klubbspillere vanligvis finner.})
20. Bxb6 cxb6 21. Qxb6 (21. g4 {For n-te gang vil Stockfish ha dette trekket.})
(21. Rae1 {er et annet alternativ jeg aldri ville funnet på. Hva kan være feil
med å snappe enda en bonde?}) (21. f4 Ng6 {før slag på b6 virker mer logisk})
21... Bd3 22. Rfd1 $2 {Gir bort litt av fordelen} (22. Qd4 Re7 23. Rfd1 Bf5 24.
g4 {(Nok en gang!)} Bg6 25. Rd2 Rde8 {Hvorfor dette skal være så mye bedre enn
det jeg valgte, må andre forklare oss. Det fristende} 26. f4 {fanger
tilsynelatende springeren, men svart vil få noe som liker litt motspill etter}
Nexg4+ 27. hxg4 Nxg4+ 28. Kg1 Re3 29. Rf1 Qd8 30. f5 Qh4 {Her vil det være
lett å trå feil med lite tid på klokka}) 22... Bxe2 23. Nxe2 Nc4 ({Bedre
sjanser gir kanskje det småfrekke} 23... Ned7 24. cxd7 Rxe2 25. Kg1 Rxd7 26.
Bf1 Rb2 27. Rdb1 Rxb1 28. Rxb1 g6 29. Qc6 {Fribonden er forsvunnet, men det
vil oppstå en ny i d-linja, eller to i a- og b-linja.}) 24. Qd4 Rxe2 25. Qxc4
Rxf2 26. Qd4 Re2 27. Rd2 Rde8 28. Qd3 (28. Rxe2 Rxe2 29. Rc1 {beholder fordelen
}) 28... R2e3 29. Qd4 Qc8 30. a4 Qf5 31. Rf1 Qg5 32. Rf3 R8e4 33. c7 $4 {
Overser helt at dette bare taper en bonde og går inn i et sluttspill med to
tårn for dronninga. Poenget er at når svart garderer sjakken fra den nye
dronninga på c8, så er hvits tårn på d2 under dobbelt angrep. Dermed fungerer
ikke den planlagte retretten til c3 med den nye dronninga.} (33. Qb2 {bør
sikre seieren}) 33... Rxd4 34. c8=Q+ Re8 35. Qxe8+ (35. Qc3 {hjelper, som sagt,
ikke her. Men også den planen ville bare ha tapt en bonde (hvis f.eks. svarts
dronning hadde stått på g6 istedet). Det fort gjort å se syner når klokka
løper fort!}) 35... Nxe8 36. Rxd4 Nf6 37. Rc3 Qe5 38. Rcd3 h5 39. Rc4 Qe2 40.
Rdd4 Qe5 41. Rd3 Qe2 {Med litt over ett minutt på klokka tilbød svart remis,
som ble akseptert. Hvis noen står bedre i sluttstillingen, er det svart.}
1/2-1/2

[Event "Klubbmesterskapet 2022 (A)"]
[Site "Ås, Viken NOR"]
[Date "2022.11.24"]
[Round "5"]
[White "Samset, Jon"]
[Black "Johansen, Anders Sten"]
[Result "0-1"]
[WhiteElo "1378"]
[BlackElo "1726"]
[PlyCount "42"]
[EventDate "2022.??.??"]

1. e4 c5 2. c3 Nf6 3. e5 Nd5 4. d4 cxd4 5. Qxd4 e6 6. Nf3 Nc6 7. Qd1 d6 8. Bg5
Qb6 9. Qe2 dxe5 10. Na3 Bxa3 11. bxa3 Qc5 12. Nxe5 Qxc3+ 13. Bd2 Qxa1+ 14. Qd1
Qxe5+ 15. Be2 Nc3 16. Bxc3 Qxc3+ 17. Kf1 O-O 18. g3 Nd4 19. Bh5 Bd7 20. Kg2
Bc6+ 21. f3 Qc2+ 0-1

[Event "Klubbmesterskapet 2022 (A)"]
[Site "Ås, Viken NOR"]
[Date "2022.11.24"]
[Round "5"]
[White "Andersen, Odd"]
[Black "Olsen, Trygve"]
[Result "1-0"]
[WhiteElo "1680"]
[BlackElo "1504"]
[Annotator "Lea,Per"]
[PlyCount "121"]
[EventDate "2022.09.08"]

1. d4 c5 {Sjeldent spilt; hvit får en grei fordel ved bare å gå forbi} 2. dxc5
Qa5+ 3. Nc3 Qxc5 4. e4 e6 5. Nf3 Nc6 {Unøyaktig} 6. Bf4 (6. Nb5 Rb8 (6... Kd8
7. Be3 Qe7 8. c3 (8. Bf4 {kan se fristende ut, svart har} e5) 8... Nf6 9. Qa4 {
og svarts brikker står bare i veien for hverandre}) 7. Bf4 {med avgjørende
fordel for hvit}) 6... e5 ({svart burde heller tenke på utvikling:} 6... Nf6)
7. Be3 Qa5 8. Bc4 h6 9. O-O d6 10. h3 Qd8 {Hvit har utviklet alle de 4 lette
offiserene og har rokert, mens svart bare har utviklet en springer. Hvit står
klart best.} 11. a3 Nf6 12. Qd3 g5 13. Nd5 g4 14. hxg4 Nxg4 15. g3 h5 $2 {
Tillater hvits neste trekk som gir vinnende fordel} 16. Bg5 f6 17. Bh4 Bh6 18.
Rad1 Rh7 19. Kg2 Rg7 20. Ne3 (20. Nd2 {truer med å fange springeren (21.f3)})
20... Bg5 21. Qxd6 $4 (21. Nd5) (21. Nf5 {gir begge avgjørende fordel for hvit.
Etter teksttrekket er det svart som står klart best.}) 21... Bxe3 22. Qxd8+
Nxd8 23. Bb5+ Nc6 24. Bxf6 $2 (24. Nxe5 {er bedre, men svart står fremdeles
best}) 24... Nxf6 25. fxe3 Nxe4 26. Nxe5 Rxg3+ (26... Nxg3 {er enda bedre}) 27.
Kh2 a6 28. Bxc6+ (28. Nxc6 {gir hvit en mulighet til å kjempe vdere} Bg4 29.
Rd4 Rh3+ 30. Kg2 Rxe3 31. Rf4 Bh3+ {og en av de lette hvite offiserene faller
før eller siden.}) 28... bxc6 29. Rf4 Rxe3 30. Ng6 Re2+ $4 (30... Rh3+ 31. Kg2
Rg3+ 32. Kh2 Rxg6 33. Rxe4+ Kf7 {Svart bør vinne greit med sin ekstra løper,
selv om bondestillingen er litt skrøpelig}) 31. Kg1 Nd2 32. Rf8+ Kd7 33. Nf4
Ke7 34. Nxe2 Kxf8 35. Rxd2 Bg4 36. Kf2 Ke7 37. Nd4 c5 38. Nc6+ Ke6 39. Na5 Rf8+
40. Kg2 h4 41. Nc4 Rg8 42. Kh2 h3 43. Rd6+ Ke7 44. Rd2 Ke6 45. Ne3 a5 46. Nxg4
({Det eneste vinstforsøket er} 46. Rd5) 46... Rxg4 47. Kxh3 Rg7 48. Rg2 Rh7+
49. Kg3 Rg7+ 50. Kf3 Rxg2 51. Kxg2 a4 52. Kf3 Kd5 53. Ke3 c4 54. Ke2 Ke4 55.
Kd2 Kd4 56. Kc1 Ke3 57. Kd1 Kd4 58. Kd2 Kd5 $4 {Tapstrekk} ({Svart får remis
etter} 58... c3+ 59. bxc3+ Kc4 60. Kd1 Kxc3 61. Kc1 Kd4 62. Kb2 Kc4 63. Kb1 Kc3
64. Kc1 Kd4 (64... Kc4 $4 {taper:} 65. Kd2 Kd4 66. c3+ Kc4 67. Kc2 Kb5 68. Kd3
Kc5 69. c4 Kc6 70. Kd4 Kd6 71. c5+ Kc7 72. Kc4 Kc6 73. Kb4 Kd5 74. Kb5 Ke6 75.
c6 Ke7 76. Kb6 Kd8 77. Kb7)) 59. Ke3 Ke5 60. c3 Kd5 61. Kf4 1-0

[Event "Klubbmesterskapet 2022 (A)"]
[Site "Ås, Viken NOR"]
[Date "2022.10.27"]
[Round "6"]
[White "Brenden, Torbjørn"]
[Black "Furnes, Torstein"]
[Result "1-0"]
[WhiteElo "1593"]
[BlackElo "1747"]
[Annotator "Furnes, Torstein"]
[PlyCount "93"]
[EventDate "2022.09.08"]

1. d4 d5 2. Bf4 Nf6 3. e3 e6 4. Nf3 c5 5. c3 Bd6 6. Bb5+ Nc6 7. Qa4 Bxf4 8.
exf4 Qd6 9. dxc5 Qxc5 10. Ne5 Bd7 11. Nxd7 Nxd7 12. O-O O-O 13. Nd2 Nf6 14. Bd3
Rac8 15. Nf3 Rfd8 16. Rad1 Rc7 17. Rfe1 Rcd7 18. Ne5 Nxe5 $2 $16 {Det var ikke
bra å slå denne springeren. Hvit får nå gode angrepsmuligheter på kongefløyen.}
19. fxe5 Ne8 20. Qh4 h6 21. g4 Qe7 22. Qg3 a6 23. h4 g5 $2 $18 {Stockfish
liker ikke dette trekket. Svarts kongestilling begynner å bli luftig.} 24. hxg5
hxg5 25. Kg2 f6 26. Rh1 ({Førstevalget til Stockfish er} 26. Re3) 26... fxe5
27. Qxe5 Qf6 28. Qh2 ({Stockfish vil heller spille} 28. Rde1) 28... Rf7 29. Qg3
Ng7 30. f3 $11 Re8 $2 $18 ({Stockfish vurderer stillingen som lik etter} 30...
e5) 31. Rde1 ({Stockfish vil heller tårndoble i h-linjen med} 31. Rh3) 31... e5
32. Qh3 $2 $19 {Nå er det plutselig svart som står til vinst med
Stockfish-evaluering på -5.} ({Her mente Stockfish at} 32. Bh7+ {var eneste
trekk som beholder hvitfordelen.} Kf8 33. Bg6 $1 {og svart kan ikke slå
løperen:} Qxg6 $2 34. Rh8+ Ke7 35. Qxe5+ Ne6 36. Rxe8+ Kxe8 37. Qxe6+ Qxe6 38.
Rxe6+ $18) 32... Ne6 33. Bh7+ Kg7 34. Qg3 Nf4+ {Svartfordelen er oppe i -8.}
35. Kg1 Qb6+ $2 {Nå synker svartfordelen fra -8 til -3.} ({Svart vinner etter} 
35... Rh8 36. Qh2 ({Dersom hvit prøver å trekke tilbake løperen med f.eks.} 36.
Bf5 $4 {så blir det forsert matt i få trekk} Qb6+ 37. Qf2 Rxh1+ 38. Kxh1 Qxf2
39. Rg1 Qh4#) 36... e4 {med vinnende angrep.}) 36. Qf2 Qxf2+ 37. Kxf2 Nd3+ $4
$18 {IKKE bra...} ({Svart står fortsatt til vinst (-3) etter} 37... e4) 38.
Bxd3 e4 39. Be2 Ref8 40. Rh3 Rf4 41. Ke3 exf3 42. Bxf3 Rd8 43. Kd3 b5 44. Re5
Kf6 45. Re2 d4 46. Re4 dxc3+ 47. Kxc3 1-0

[Event "Klubbmesterskapet 2022 (A)"]
[Site "Ås, Viken NOR"]
[Date "2022.10.27"]
[Round "6"]
[White "Olsen, Trygve"]
[Black "Lea, Per"]
[Result "0-1"]
[WhiteElo "1504"]
[BlackElo "1698"]
[Annotator "Lea,Per"]
[PlyCount "63"]
[EventDate "2022.09.08"]

1. d4 Nf6 2. f4 {Ikke mye spilt, og det er det kanskje en god grunn til? Etter
2 trekk er stillingen allerede fordelaktig for svart.} d5 3. Nf3 e6 (3... Bf5 {
er kanskje mer nøyaktig}) 4. c3 c5 5. e3 Nc6 6. Bb5 Bd7 {Det meste av svarts
fordel er forduftet. Hvits bonde på e3 står litt i veien men er heller ikke
lett å angripe. Den blir da også stående der partiet ut.} 7. O-O Be7 8. a4 O-O
9. Ne5 Nxe5 10. Bxd7 $2 {Glemmer at svart ikke trenger å slå tilbake med
dronning eller springeren på f6, men kan bruke springeren på e5 som dermed
redder seg} Nexd7 11. Nd2 a6 12. Nf3 Ne4 13. Nd2 Ndf6 14. Nxe4 Nxe4 {Den
springeren blir ikke lett å få has på} 15. Rf3 g6 16. Bd2 Bf6 17. Be1 Bg7 18.
Rh3 b5 19. a5 Rc8 20. Bh4 Qc7 21. Qg4 cxd4 22. Rd1 (22. cxd4 Qc1+ 23. Qd1 ({
Selvfølgelig ikke} 23. Rxc1 Rxc1+ 24. Qd1 Rxd1+ 25. Be1 Rxe1#) 23... Qxb2) ({
Hvits beste mulighet er} 22. exd4 {og det planlagte} Bxd4+ 23. cxd4 Qc1+ 24.
Qd1 Qxb2 {ender "bare" opp i en stilling med 2 bønder over for svart}) 22...
dxc3 23. bxc3 Qxc3 24. Be1 Qb2 25. Qh4 Nf6 26. g4 Rc2 27. g5 Rg2+ (27... Nh5 {
garderer også matten, og denne springeren kan aldri jages herfra. Men
teksttrekket er nok bedre.}) 28. Kh1 Rg4 ({Svart overser det enda sterkere} 
28... Qe2 29. Bb4 Rg4) 29. Qf2 Qxf2 30. Bxf2 Ne4 31. Bg3 Rxg3 32. hxg3 0-1

[Event "Klubbmesterskapet 2022 (A)"]
[Site "Ås, Viken NOR"]
[Date "2022.10.27"]
[Round "6"]
[White "Johansen, Anders Sten"]
[Black "Andersen, Odd"]
[Result "1-0"]
[WhiteElo "1726"]
[BlackElo "1680"]
[PlyCount "45"]
[EventDate "2022.09.08"]

1. e4 e6 2. d3 d5 3. Nd2 dxe4 4. dxe4 e5 5. Ngf3 Bd6 6. Bc4 Nf6 7. O-O Bg4 8.
Re1 O-O 9. Nf1 c6 10. h3 Bh5 11. Ng3 Bxf3 12. Qxf3 g6 13. Bh6 Re8 14. Rad1 Qe7
15. Bg5 Nbd7 16. Bh6 Bc7 17. Nf5 Qc5 18. Bb3 Rad8 19. Be3 Qf8 20. Nh6+ Kg7 21.
Nxf7 Qe7 22. Bh6+ Kg8 23. Nxd8+ 1-0